Statystyki dla Skład RCD Mallorca w La Liga 2023/24

Kliknij tutaj aby rozwiązać quiz!

Ogólne statystyki

  • Ten quiz został rozwiązany 3 razy
  • Średni wynik to 2 z 28

Statystyki odpowiedzi

NumerZawodnik% Poprawnych
14Daniel Rodriguez
67%
9Abdon Prats
33%
21Antonio Raillo
33%
27Juan Camilo Fernandez
33%
24Martin Valjent
33%
23Aleix Febas
0%
20Aleksandar Sedlar
0%
17Aleksandar Trajkowski
0%
10Alexander Alegria
0%
22Ante Budimir
0%
7Ariday Cabrera
0%
18Baba Rahman
0%
13Fabricio Agosto
0%
15Fran Gamez
0%
12Iddrisu Baba
0%
2Joan Sastre
0%
4Josep Sene
0%
11Lago Junior
0%
41Luca Romero
0%
3Lumor Agbenyenu
0%
1Manuel Reina
0%
6Marc Pedraza
0%
25Miquel Parera
0%
19Pablo Chavarria
0%
8Salva Sevilla
0%
26Takefusa Kubo
0%
5Xisco Campos
0%
16Yannis Salibur
0%

Rozkład punktacji

Percentyl według liczby udzielonych odpowiedzi

Procent ludzi z każdym wynikiem

Twoja historia wyników

Nie rozwiązałeś tego quizu